| 000 | 00334nam a2200133Ia 4500 | ||
|---|---|---|---|
| 005 | 20251222155054.0 | ||
| 008 | 251222s9999||||xx |||||||||||||| ||spa|| | ||
| 082 | _aETI.79.1-2/Ej.2 | ||
| 100 | _aVICH RODRIGUEZ, Victor. | ||
| 245 | 0 | _aDame un minuto de tu vida Tomo I Yii | |
| 250 | _a1ra. ed. | ||
| 264 | _bVargas S.A | ||
| 942 | _cLIB | ||
| 999 |
_c37381 _d37381 |
||